|
|
|
|
| LEADER |
03283nam a22004454a 4500 |
| 001 |
EBC468269 |
| 003 |
MiAaPQ |
| 005 |
20200520144314.0 |
| 006 |
m o d | |
| 007 |
cr cn||||||||| |
| 008 |
070723s2007 ne sb 001 0 eng |
| 010 |
|
|
|z 2007030352
|
| 015 |
|
|
|a GBA773646
|2 bnb
|
| 016 |
7 |
|
|z 013889358
|2 Uk
|
| 020 |
|
|
|z 9789004162617 (hardback : alk. paper)
|
| 020 |
|
|
|z 9004162615 (hardback : alk. paper)
|
| 035 |
|
|
|a (MiAaPQ)EBC468269
|
| 035 |
|
|
|a (Au-PeEL)EBL468269
|
| 035 |
|
|
|a (CaPaEBR)ebr10359109
|
| 035 |
|
|
|a (CaONFJC)MIL239771
|
| 035 |
|
|
|a (OCoLC)592756283
|
| 040 |
|
|
|a MiAaPQ
|c MiAaPQ
|d MiAaPQ
|
| 050 |
|
4 |
|a BS2595.6.W37
|b M48 2007
|
| 082 |
0 |
4 |
|a 226.4/06
|2 22
|
| 100 |
1 |
|
|a Metzger, James A.
|
| 245 |
1 |
0 |
|a Consumption and wealth in Luke's travel narrative
|h [electronic resource] /
|c by James A. Metzger.
|
| 260 |
|
|
|a Leiden ;
|a Boston :
|b Brill,
|c 2007.
|
| 300 |
|
|
|a viii, 216 p.
|
| 490 |
1 |
|
|a Biblical interpretation series,
|x 0928-0731 ;
|v v. 88
|
| 504 |
|
|
|a Includes bibliographical references (p. [201]-212) and index.
|
| 505 |
0 |
|
|a Introduction -- Wealth and possessions in the Gospel of Luke : a history of interpretation -- Salvation without renunciation -- Be generous! -- Reconsidering Luke's discourse on wealth and possessions -- The nature of parabolic discourse in Luke -- Jesus' announcement in Nazareth as programmatic for reading the parables -- Delineating the methodological approach : reader-response criticism, narrative criticism/narratology, and intertextuality -- Delineating the reader-position -- Procedure -- Challenging overconsumption -- The parable of the wealthy landowner (12:16-21) -- Exploring the pre-text : impressions of Jesus' teaching on wealth and possessions in 9:51-12:12 -- Reading the parable : 12:16-21 -- Summary -- The parable of the father and his two sons (15:11-32) -- Impressions of Jesus' teaching on wealth and possessions in 12:22-15:10 -- Reading the parable : 15:11-32 -- Summary -- Criticizing wealth -- The parable of the unjust steward (Luke 16:1-13) -- Reading the parable : 16:1-13 -- Summary -- The parable of the rich man and Lazarus (16:19-31) -- Exploring the pre-text : 16:14-18 -- Reading the parable : 16:19-31 -- Summary -- Eliminating wealth -- Jesus' encounter with the rich ruler -- Exploring the pre-text : 17:1-18:17 -- Reading Jesus' encounter with the ruler : 18:18-23 -- Exploring the post-text : 18:24-30 -- Summary -- Jesus' encounter with Zacchaeus -- Exploring the pre-text : 18:31-43 -- Reading Jesus' encounter with Zacchaeus : 19:1-10 -- Summary -- Conclusion -- Retracing our steps : a brief synopsis of the journey -- Implications -- A rejoinder.
|
| 533 |
|
|
|a Electronic reproduction. Ann Arbor, MI : ProQuest, 2015. Available via World Wide Web. Access may be limited to ProQuest affiliated libraries.
|
| 630 |
0 |
0 |
|a Bible.
|p N.T.
|p Luke
|x Criticism, interpretation, etc.
|
| 650 |
|
0 |
|a Wealth
|x Biblical teaching.
|
| 650 |
|
0 |
|a Consumption (Economics)
|x Biblical teaching.
|
| 650 |
|
0 |
|a Christian stewardship
|x Biblical teaching.
|
| 655 |
|
4 |
|a Electronic books.
|
| 710 |
2 |
|
|a ProQuest (Firm)
|
| 830 |
|
0 |
|a Biblical interpretation series ;
|v v. 88.
|
| 856 |
4 |
0 |
|u https://ebookcentral.proquest.com/lib/matrademy/detail.action?docID=468269
|z Click to View
|